000 00852nam a2200253Ia 4500
003 OSt
005 20220923215949.0
006 a|||||r|||| 00| 0
007 ta
008 220922b |||||||| |||| 00| 0 hin d
024 _a183,201
037 _cTextual
040 _aARTS
_cARTS
_bhin
041 _2hin
_ahin
082 _aO152,1N177:g, N3
100 _aगुप्त, आलोक
245 0 _aजटिल संवेदना के कवि मुक्तिबोध
246 _aJaṭil sanvedanā ke kavi muktibodha
260 _aअहमदाबाद
_b पार्श्व: प्रकाशन
_c1993
300 _a102 पृ.
_ccm.
650 _aहिन्दी साहित्य
_9156264
942 _hO152,1N177:g, N3
_cTEXL
_2CC
999 _c336537
_d336537